| 000 | 00546nam a22001817a 4500 | ||
|---|---|---|---|
| 999 |
_c2636 _d2636 |
||
| 005 | 20181017121148.0 | ||
| 008 | 181017b ||||| |||| 00| 0 eng d | ||
| 020 | _a0882643215 | ||
| 040 | _cDLC | ||
| 082 | _a261.27 | ||
| 245 |
_aChristian Witness Among Muslim _cHenry Martyn Institute of Islamic Studies |
||
| 260 |
_aBartlesville _bLiving Sacrifice Book Company _c1994 |
||
| 300 | _a128p,; | ||
| 500 | _aincludes appendix [119-128] | ||
| 650 |
_aMissions to Muslims _xChristianity |
||
| 650 |
_aInterfaith relations _xIslam |
||
| 942 |
_2ddc _cBK |
||